| 000 | 00651nam a2200217 a 4500 | ||
|---|---|---|---|
| 001 | 1256 | ||
| 003 | BR-CuiBMT | ||
| 005 | 20231206232620.0 | ||
| 008 | 231201s2012 mtb 000 0 por d | ||
| 040 |
_aBR-CuiBMT _cBR-CuiBMT |
||
| 080 |
_22007 _a930.24 _x(817.2) |
||
| 090 |
_a930.24(817.2) _bM539d |
||
| 100 | 1 |
_aMendonça, Estevão de, _d1869-1949 |
|
| 245 | 1 | 0 |
_aDatas matogrossenses / _cEstevão de Mendonça. |
| 260 |
_aCuiabá : _bSEC-MT; _bIntegrar; _bDefanti, _c2012. |
||
| 300 |
_a2 v. ; _c21 cm |
||
| 490 | 1 | _aColeção memórias históricas | |
| 650 |
_aDatas históricas _zMato Grosso |
||
| 830 | 0 | _aMemórias históricas | |
| 942 |
_2udc _cLV |
||
| 999 |
_c1256 _d1256 |
||